Statystyki dla szybkie pisanie liter alfabetu angielskiego

Kliknij tutaj aby rozwiązać quiz!

Ogólne statystyki

  • Ten quiz został rozwiązany 47 razy
  • Średni wynik to 17 z 27

Statystyki odpowiedzi

Odpowiedź% Poprawnych
a
100%
d
100%
e
100%
e
100%
h
96%
c
92%
g
92%
g
92%
i
92%
f
88%
b
83%
k
58%
l
54%
o
54%
s
54%
r
50%
t
50%
w
50%
p
46%
q
46%
u
46%
y
42%
m
38%
n
33%
x
33%
z
29%
v
25%

Rozkład punktacji

Percentyl według liczby udzielonych odpowiedzi

Procent ludzi z każdym wynikiem

Twoja historia wyników

Nie rozwiązałeś tego quizu